Green architecture : (Record no. 352877)
[ view plain ]
| 000 -LEADER | |
|---|---|
| fixed length control field | 01267 a2200289 4500 |
| 003 - CONTROL NUMBER IDENTIFIER | |
| control field | OSt |
| 005 - DATE AND TIME OF LATEST TRANSACTION | |
| control field | 20180116192349.0 |
| 008 - FIXED-LENGTH DATA ELEMENTS--GENERAL INFORMATION | |
| fixed length control field | 120601t xxu||||| |||| 00| 0 eng d |
| 010 ## - LIBRARY OF CONGRESS CONTROL NUMBER | |
| LC control number | 2009041509 |
| 020 ## - INTERNATIONAL STANDARD BOOK NUMBER | |
| International Standard Book Number | 9780071625012 (alk. paper) |
| 020 ## - INTERNATIONAL STANDARD BOOK NUMBER | |
| International Standard Book Number | 0071625011 (alk. paper) |
| 035 ## - SYSTEM CONTROL NUMBER | |
| System control number | (OCoLC)ocn459209072 |
| 040 ## - CATALOGING SOURCE | |
| Transcribing agency | 0 |
| 082 00 - DEWEY DECIMAL CLASSIFICATION NUMBER | |
| Classification number | 720.47 |
| 100 1# - MAIN ENTRY--PERSONAL NAME | |
| Personal name | Attmann, Osman. |
| 9 (RLIN) | 3308 |
| 245 10 - TITLE STATEMENT | |
| Title | Green architecture : |
| Remainder of title | advanced technologies and materials / |
| Statement of responsibility, etc. | Osman Attmann. |
| 260 ## - PUBLICATION, DISTRIBUTION, ETC. | |
| Place of publication, distribution, etc. | New York : |
| Name of publisher, distributor, etc. | McGraw-Hill, |
| Date of publication, distribution, etc. | c2010. |
| 300 ## - PHYSICAL DESCRIPTION | |
| Extent | xiii, 352 p. : |
| Other physical details | ill. ; |
| Dimensions | 24 cm. |
| 490 1# - SERIES STATEMENT | |
| Series statement | McGraw-Hill's GreenSource series |
| 500 ## - GENERAL NOTE | |
| General note | "A GreenSource book"--Cover. |
| 505 0# - FORMATTED CONTENTS NOTE | |
| Formatted contents note | Ch. 1. Green Architecture: Overview -- Ch. 2. Definitions and Operationalizations of Green Architecture -- Ch. 3. Brief History of Green Architecture -- Ch. 4. Green Technologies: Energy Generation -- Ch. 5. Green Technologies: Energy Retention -- Ch. 6. Green Materials -- Ch. 7. Smart Materials -- Ch. 8. Case Studies. |
| 650 10 - SUBJECT ADDED ENTRY--TOPICAL TERM | |
| Topical term or geographic name entry element | Sustainable construction. |
| 9 (RLIN) | 3309 |
| 650 10 - SUBJECT ADDED ENTRY--TOPICAL TERM | |
| Topical term or geographic name entry element | Sustainable architecture. |
| 9 (RLIN) | 3310 |
| 830 #0 - SERIES ADDED ENTRY--UNIFORM TITLE | |
| Uniform title | McGraw-Hill's GreenSource series. |
| 9 (RLIN) | 3311 |
| 942 ## - ADDED ENTRY ELEMENTS (KOHA) | |
| Institution code [OBSOLETE] | SADA |
| Koha item type | Book |
| Call number prefix | 720.47 ATT 2010 |
| Source of classification or shelving scheme | |
| Withdrawn status | Lost status | Source of classification or shelving scheme | Damaged status | Not for loan | Permanent Location | Current Location | Date acquired | Total Checkouts | Total Renewals | Full call number | Barcode | Date last seen | Date last checked out | Cost, replacement price | Price effective from | Koha item type |
|---|---|---|---|---|---|---|---|---|---|---|---|---|---|---|---|---|
| School of Art Design and Architecture (SADA) | School of Art Design and Architecture (SADA) | 04/19/2011 | 9 | 5 | 720.47 ATT 2010 | SADA0000956 | 05/02/2016 | 04/05/2016 | 5928.00 | 08/05/2011 | Book |
